Administración de recursos humanos (Registro nro. 4838)
[ vista simple ]
| 000 -LEADER | |
|---|---|
| fixed length control field | 01979 a2200265 4500 |
| 001 - CONTROL NUMBER | |
| control field | 49427 |
| 005 - DATE AND TIME OF LATEST TRANSACTION | |
| control field | 20260407155757.0 |
| 008 - FIXED-LENGTH DATA ELEMENTS--GENERAL INFORMATION | |
| fixed length control field | 260407a2001 arg spa d |
| 003 - CONTROL NUMBER IDENTIFIER | |
| control field | AR-UNSa-BCEJYS |
| 040 ## - CATALOGING SOURCE | |
| Original cataloging agency | AR-UNSa-BCEJYS |
| Language of cataloging | spa |
| Transcribing agency | AR-UNSa-BCEJYS |
| 080 ## - UNIVERSAL DECIMAL CLASSIFICATION NUMBER | |
| Universal Decimal Classification number | 658.3 |
| Common auxiliary subdivision | Personal. Relaciones humanas en la empresa (Recursos Humanos) |
| 020 ## - INTERNATIONAL STANDARD BOOK NUMBER | |
| International Standard Book Number | 970-686-108-4 |
| 041 ## - LANGUAGE CODE | |
| Language code of text/sound track or separate title | spa |
| 100 1# - MAIN ENTRY--PERSONAL NAME | |
| Personal name | Bohlander, George W. |
| 245 10 - TITLE STATEMENT | |
| Title | Administración de recursos humanos |
| 250 ## - EDITION STATEMENT | |
| Edition statement | 12a. ed. |
| 264 #1 - PRODUCTION, PUBLICATION, DISTRIBUTION, MANUFACTURE, AND COPYRIGHT NOTICE | |
| Place of production, publication, distribution, manufacture | México : |
| Name of producer, publisher, distributor, manufacturer | Thomson Learning |
| Date of production, publication, distribution, manufacture, or copyright notice | 2001 |
| 300 ## - PHYSICAL DESCRIPTION | |
| Extent | xxxvi, 707 p. |
| Dimensions | 26 cm. |
| 505 ## - FORMATTED CONTENTS NOTE | |
| Formatted contents note | Parte I: ADMINISTRACIÓN DE RECURSOS HUMANOS EN PERSPECTIVA: 1. El desafío de la administración de los recursos humanos - 2. Igualdad de oportunidades en el empleo y administración de los recursos humanos - - Parte II: ALCANZANDO LOS REQUERIMIENTOS DE RECURSOS HUMANOS: 3. Requerimientos del puesto y diseño de las organizaciones para lograr la productividad de los recursos humanos - 4. Planeación y reclutamiento de recursos humano - 5. Selección - - Parte III: DESARROLLAR LA EFICACIA DE LOS RECURSOS HUMANOS: 6. Capacitación y desarrollo - 7. Desarrollo profesional - 8. Evaluar y mejorar el desempeño - - Parte IV: IMPLEMENTACIÓN DE COMPERSACIONES Y SEGURIDAD: 9. Administración de la compensación - 10. Recompensas de incentivos - 11. Prestaciones a los empleados - 12. Seguridad e higiene - - Parte V: MEJORAMIENTO DE LAS RELACIONES CON LOS EMPLEADOS: 13. Derecho y disciplina laboral - 14. Negociación colectiva y administración del contrato - - Parte VI: EXPANSIÓN DE LOS HORIZONTES DE LOS RECURSOS HUMANOS: 15. Administración internacional de recursos humanos - 16. Creación de sistemas de trabajo de alto desempeño. |
| 590 ## - LOCAL NOTE (RLIN) | |
| Local note | niveau_biblio:m niveau_hierar:0 |
| 700 1# - ADDED ENTRY--PERSONAL NAME | |
| Personal name | Snell, Scott A. |
| 700 1# - ADDED ENTRY--PERSONAL NAME | |
| Personal name | Sherman, Arthur |
| 856 41 - ELECTRONIC LOCATION AND ACCESS | |
| Uniform Resource Identifier | <a href="https://www.biblioeco.unsa.edu.ar/pmb/images/libros/L128088.jpg">https://www.biblioeco.unsa.edu.ar/pmb/images/libros/L128088.jpg</a> |
| Link text | Imagen de portada |
| Electronic format type | image/jpeg |
| 942 ## - ADDED ENTRY ELEMENTS (KOHA) | |
| Koha item type | |
| Withdrawn status | Lost status | Damaged status | Not for loan | Home library | Current library | Shelving location | Date acquired | Total checkouts | Full call number | Barcode | Date last seen | Price effective from | Koha item type |
|---|---|---|---|---|---|---|---|---|---|---|---|---|---|
| Biblioteca Prof. Eusebio Cleto del Rey | Biblioteca Prof. Eusebio Cleto del Rey | 07/04/2026 | 658.3 B676 12ed. | L128088 | 07/04/2026 | 07/04/2026 | Libro |